| 000 | 01552cam a2200445 a 4500 | ||
|---|---|---|---|
| 999 |
_c29354 _d29325 |
||
| 001 | 15898307 | ||
| 003 | EG-ScBUE | ||
| 005 | 20210927094818.0 | ||
| 006 | m||||fq||h 00| 0 | ||
| 008 | 090908s2007 nyua f 000 0 eng d | ||
| 020 | _a9780194305631 (v. 2) | ||
| 020 | _a9780194305624 (v. 1) | ||
| 020 | _a9780194305587 (CD) | ||
| 020 | _a9780194305570 (CD) | ||
| 020 | _a9780194305648 (V. 3) | ||
| 020 | _a9780194305594 (CD) | ||
| 040 |
_aDLC _beng _erda _cDLC _dDLC _dEG-ScBUE |
||
| 082 | 0 | 4 |
_a428.24 _bWIL _222 |
| 100 | 1 |
_aWilson, Ken, _d1947 August 5- _eauthor. |
|
| 245 | 1 | 0 |
_aSmart choice, _pStudent book / _cKen Wilson. |
| 246 | 3 | 3 | _aStudent book |
| 264 | 1 |
_aNew York : _bOxford University Press, _c2007. |
|
| 300 |
_a3 volumes : _billustrations ; _c30 cm + _e3 CD |
||
| 336 |
_2rdacontent _atext _btxt |
||
| 336 |
_2rdacontent _asounds _bsnd |
||
| 337 |
_2rdamedia _aunmediated _bn |
||
| 337 |
_2rdamedia _aaudio _bs |
||
| 338 |
_2rdacarrier _avolume _bnc |
||
| 338 |
_2rdacarrier _acomputer disc _bcd |
||
| 505 | 0 | _aVolume 1 -- Volume 2. | |
| 650 | 7 |
_aEnglish language _xStudy and teaching _xForeign speakers _vInteractive multimedia. _2BUEsh |
|
| 650 | 7 |
_aEnglish language _vTextbooks for foreign speakers. _2BUEsh |
|
| 650 | 7 |
_aEnglish language _xRhetoric _xProblems, exercises, etc. _2BUEsh |
|
| 653 |
_bHHUUEENN _cAugust2021 |
||
| 655 |
_vReading book _934232 |
||
| 906 |
_a7 _bcbc _corigres _d2 _encip _f20 _gy-gencatlg |
||
| 942 |
_2ddc _cBB |
||